000 00361nam a2200133Ia 4500
008 230411s9999 xx 000 0 und d
041 _aeng
082 _aF/610.73/WAL/B00530
100 _aWalsh Mike
_9176309
245 _aWatsons Clinical Nursing and Related Sciences
260 _bBailliere
_aEdinburgh
_c2002
300 _a1038p
999 _c151997
_d151997